000 00711nam a2200205Ia 4500
005 20260121110121.0
008 008 260114s9999 xx 000 0 hin d
020 _a9788132364931
037 _aEBOOK
040 _aCRL
_bhin
_cCRL
041 _ahin
_2hin
084 _qCRL
100 _aजगमोहन राम / Jagmohan Ram
_9942240
245 0 _aमध्यकालीन भारत का सांस्कृतिक इतिहास / Madhyakalina Bharat ka Sanskritik Itihas
260 _bभाषा प्रकाशन / Bhasha Prakashan
_c2021
856 _uhttps://bhashaprakashan.com/product-details/379144
942 _cEBOOK
999 _c1533905
_d1533905